COMPETENCY TOOLKIT (Record no. 5529)

MARC details
000 -LEADER
fixed length control field 00313nam a2200133Ia 4500
008 - FIXED-LENGTH DATA ELEMENTS--GENERAL INFORMATION
fixed length control field 240624s9999 xx 000 0 und d
041 ## - LANGUAGE CODE
Language code of text/sound track or separate title eng
082 ## - DEWEY DECIMAL CLASSIFICATION NUMBER
Classification number 658.3142 DUB
100 ## - MAIN ENTRY--PERSONAL NAME
Personal name DUBOIS DAVID D
245 ## - TITLE STATEMENT
Title COMPETENCY TOOLKIT
260 ## - PUBLICATION, DISTRIBUTION, ETC.
Date of publication, distribution, etc. 2007
Place of publication, distribution, etc. USA
Name of publisher, distributor, etc. HRD Press
300 ## - PHYSICAL DESCRIPTION
Extent 169 : p. : cm. ; 26
365 ## - TRADE PRICE
Currency code RS
Holdings
Withdrawn status Lost status Damaged status Not for loan Home library Current library Shelving location Date acquired Source of acquisition Cost, normal purchase price Full call number Barcode Date last seen Copy number Price effective from Koha item type
        IMTN IMTN Rack 27-A 07/24/2007 GS 2995.00 658.3142 DUB 5529 06/24/2024 1 06/24/2024 Books
Designed & Maintained by: LRC IMT Nagpur Contact: lrc@imtnag.ac.in© 2024. All Rights Reserved.